|
|
|
|
| LEADER |
00000cam a2200000 7i4500 |
| 001 |
0000003790 |
| 005 |
20110622.0 |
| 020 |
0 |
0 |
|a 9789673440825
|
| 090 |
0 |
0 |
|a 621.3678
|b PIR 2009
|
| 100 |
1 |
0 |
|a Pirasteh, Saied
|
| 245 |
1 |
0 |
|a Remote sensing & GIS applications
|c editors Saied Pirasteh, Ahmad Rodzi Mahmud & Amir Mahmoodzadeh
|
| 260 |
0 |
0 |
|a Serdang, Selangor :
|b Penerbit UPM ,
|c 2009
|
| 300 |
|
|
|a xiii, 98 p. :
|b ill. ;
|c 24 cm.
|
| 500 |
0 |
0 |
|a Includes bibliographies and index
|
| 650 |
0 |
0 |
|a Earth sciences---Remote sensing
|
| 650 |
0 |
0 |
|a Geographic information system
|
| 650 |
0 |
0 |
|a Remote sensing
|
| 700 |
0 |
1 |
|a Ahmad Rodzi Mahmud
|
| 700 |
0 |
1 |
|a Amir Mahmoodzadeh
|
| 998 |
|
|
|a JPSM
|
| 999 |
|
|
|a 007628
|b Monograph
|c Open Shelf
|e Default branch
|